Регионална библиотека "Любен Каравелов" - Русе

Рандеву с леда и огъня (Запис номер 14179)

MARC детайли
000 -Лидер
Контролно поле с фиксирана дължина 01570nam a2200337 c 4500
003 - Код на организацията, давaща контролен номер
Контролно поле BLK
005 - Дата и час на последна редакция
Контролно поле 20180420214926.0
008 - Елементи от данни с фиксирана дължина
fixed length control field 180412b bul|||||r ||||||| ||bul||
010 ## - Наследен системен номер
LC control number KNG00015876000
020 ## - Международен стандартен номер на книга ISBN
Международен стандартен номер на книга ISBN 954-90222-1-8
-- издат.: МТ-студио
040 ## - Източник на каталожния запис
Идентификатор на билиотеката - собственик на записа BLK
041 ## - Код за език
Код за езика на текст/звукозапис или на отделно заглавие Български
Код за езика КДБФ Български
080 ## - УДК
Текстов определител УДК Социография. Социално положение. Условия на политическия и социалния живот. Социално и социално-икономическо положение на отделните страни, народи, раси. Социална география. (Общи въпроси)
УДК код - определител по УДК 308
УДК определител (491.1)
УДК - код + определител 308(491.1)
080 ## - УДК
Текстов определител УДК Българска литература
УДК код - определител по УДК 821.163.2
УДК определител -992
УДК - код + определител 821.163.2-992
100 1# - Редна дума - Автор
Автор Кръстов - Каменар, Константин
Авторска отговорност първи автор
R(LIN) 259018
139 ## - Редно поле
Редна дума Кръстов, Константин
Авторски знак Кръ - К 92
245 10 - Сведения за заглавието
Заглавие Рандеву с леда и огъня
Подзаглавни данни Сага за Исландия
Редно поле (дума) Константин Кръстов; Константин Кръстов - Каменар.
257 ## - Страна на издаване
Страна на създаване/издаване България
260 ## - Област на издателските данни
-- София
Име на издателя, разпространителя и проч. МТ-студио
Година на издаване 1996
300 ## - Физическа характеристика
Страници 272 с.
Размери/Мащаб 21 см
380 ## - Жанр
Жанр Обществени науки
650 #4 - Допълнително описание по предмет – тема
Основно описание – тема или топоним Исладния - пътеписи
9 (RLIN) 259019
653 ## - Ключова дума – ненормативна
Ключова дума Исландия
653 ## - Ключова дума – ненормативна
Ключова дума пътеписи
700 1# - Други автори (авторска отговорност)
Лично име Кръстов, Константин
9 (RLIN) 259017
852 ## - Местоположение
Форматна сигнатура Цб 191432
856 4# - Електронен адрес и достъп
Електронен формат pdf - файл
Път до файла /url/
856 4# - Електронен адрес и достъп
Електронен формат pdf - файл
Път до файла /url/
942 ## - АРТИКУЛИ
Вид на библиотечния материал Книги
Скрит в OPAC Не
944 ## - СЪЗДАВАНЕ И РЕДАКЦИЯ на ЗАПИСА
Създаване/Редакция Създаване
Дата на регистрацията/редакция 15.01.2003
Служител, извършил регистрацията/редакцията Геновева_Генчева
944 ## - СЪЗДАВАНЕ И РЕДАКЦИЯ на ЗАПИСА
Създаване/Редакция Редакция
Дата на регистрацията/редакция 16.03.2006
Служител, извършил регистрацията/редакцията
999 ## - СИСТЕМНИ КОНТРОЛНИ НОМЕРА
Koha biblionumber 14179
Koha biblioitemnumber 14179
Наличности
Код за отписване Код за изгубен артикул Източник на класификационната схема Код за повреда Коз за рестрикции Код за отдаване Артикулен № Име на библиотеката - собственик Име на библиотеката, в която се намира в момента Статус (Текущо местоположение) Дата на вписване в системата Местоположение - отдел Цена в лева Инвентарен номер Систематично азбучна сигнатура Баркод Номер на екземпляра Цена в евро Служебна бележка Служебен тип на артикула
  Не е изгубен Universal Decimal Classification Не е повреден без рестрикции ползва се в читалня 24307 Регионална библиотека "Любен Каравелов" Русе Регионална библиотека "Любен Каравелов" Русе Хранилище 2001-01-01 Хранилище 0.00 628993 Цб 191432 120000628993 1 0.00 Дост: Dp Вид: Д N: 3 Дата: 01.01.1996 Книги
Vip Innovations Ltd, Rousse, Bulgaria 2025